00492pab a2200169 454500008004000000100001700040245005500057260000900112300001400121362000900135650002300144650003500167650003400202650003000236650002100266773003500287180718b1996 xxu||||| |||| 00| 0 eng d aCopper, Reid aMunicipal law, delegated legislation and democracy c1996 ap.290-313 aFall aDemocracy - Canada aDelegated legislation - Canada aMunicipal government - Canada aLocal government - Canada aLocal government aCanadian Public Administration